| 000 | 00500nam a2200169 i 4500 | ||
|---|---|---|---|
| 001 | 83968 | ||
| 003 | ES-MaACL | ||
| 005 | 20230906174925.0 | ||
| 007 | t| | ||
| 008 | 041118s1961 sp ||||1| spa d | ||
| 100 | 1 |
_aIraolagoitia, Pedro María. _965420 |
|
| 245 | 1 | 0 |
_aMeditaciones para los que no meditan / _cPedro María Iraolagoitia. |
| 250 | _a2ª ed. | ||
| 260 |
_aBilbao : _bEl Mensajero del Corazón de Jesús, _c1961. |
||
| 300 |
_a254 p. ; _c17 cm. |
||
| 852 |
_aES-MaACL _jC-21227 _bR.49351 |
||
| 999 |
_c83968 _d83968 |
||